| 000 | 00530nam a22001697a 4500 | ||
|---|---|---|---|
| 003 | OSt | ||
| 005 | 20240927003901.0 | ||
| 008 | 240927b |||||||| |||| 00| 0 eng d | ||
| 040 | _c0 | ||
| 082 | _aDPer 050 R22 2000 January-May 2023 v123 no. 719-723 | ||
| 100 |
_a Signy, Helen. _eauthor. _961722 |
||
| 245 |
_aWhen kangaroos attack / _cHelen Signy. |
||
| 260 |
_aTaipei ; _bReader's Digest Asia, _cMay 2023. |
||
| 300 |
_aVolume 123, pages 32-39, _billustration. |
||
| 700 |
_a Signy, Helen. _eauthor. _961722 |
||
| 942 |
_2ddc _cPER |
||
| 999 |
_c21946 _d21946 |
||